header

The end of the world (Record no. 1129)

MARC details
000 -LEADER
fixed length control field 01285nam a2200325 a 4500
100 1# - MAIN ENTRY--AUTHOR NAME
Personal name Lisboa, Maria Manuel.
245 14 - TITLE STATEMENT
Title The end of the world
260 ## - PUBLICATION, DISTRIBUTION, ETC. (IMPRINT)
Place of publication Cambridge :
Name of publisher OpenBook Publishers,
Year of publication 2011.
300 ## - PHYSICAL DESCRIPTION
Number of Pages xxv, 194 p. :
Other physical details ill.
650 #0 - SUBJECT ADDED ENTRY--TOPICAL TERM
Topical Term End of the world.
Topical Term Apocalypse in art.
Topical Term Apocalypse in literature.
Topical Term Apocalypse in motion pictures.
856 40 - ELECTRONIC LOCATION AND ACCESS
Uniform Resource Identifier http://site.ebrary.com/lib/rucke/Doc?id=10715021

No items available.

© 2026 Rongo University
Contact us: librarian | system librarian | Rongo university